Vývoj vnějších makroekonomických nerovnováh v evropských zemích v souvislosti s probíhajícími integračními procesy

Makroekonomické nerovnováhy v krajinách EÚ, ich vývoj. Ukazovatele makroekonomických nerovnováh.

Enregistré dans:
Détails bibliographiques
Auteur principal: Bednářová, Pavla
Autres auteurs: Hovorková Valentová, Vladimíra
Format: Chapitre de livre
Langue:tchèque
Sujets:
Tags: Ajouter un tag
Pas de tags, Soyez le premier à ajouter un tag!

MARC

LEADER 00000nla a2200000 4500
001 0231041
005 20240417075119.9
041 0 |a cze 
044 |a CZ 
245 1 0 |a Vývoj vnějších makroekonomických nerovnováh v evropských zemích v souvislosti s probíhajícími integračními procesy  |c Pavla Bednářová, Vladimíra Hovorková Valentová 
520 |a Makroekonomické nerovnováhy v krajinách EÚ, ich vývoj. Ukazovatele makroekonomických nerovnováh. 
610 2 0 |a ukazovatele makroekonomické 
610 2 0 |a nerovnováha hospodárska 
610 2 0 |a Európska únia 
610 2 0 |a integrácia ekonomická medzinárodná 
610 2 0 |a eurozóna 
100 1 |a Bednářová, Pavla 
700 1 |a Hovorková Valentová, Vladimíra